| 000 | 00492nam a22001697a 4500 | ||
|---|---|---|---|
| 008 | 230807b |||||||| |||| 00| 0 eng d | ||
| 020 | _a0-12-003002-0 | ||
| 040 |
_aNational Science Library _cNational Science Library |
||
| 245 |
_aAdvances in aquatic microbiology _c/ Academic Press |
||
| 260 |
_aNew York: _bAcademic Press, _c1980 |
||
| 300 | _aix, 355p. | ||
| 500 | _aVol. 2 1980 | ||
| 650 | _aMicrobiology | ||
| 653 | _aScience | ||
| 700 | _aDroop, M R (Ed.) | ||
| 942 |
_2udc _cBK |
||
| 999 |
_c57851 _d57851 |
||